000 00652cam a22002177a 4500
001 000273
003 armpunfd
005 20140612090605.0
008 011019e1990####xx#a##########000#0#und#d
040 _aarmpunfd
_carmpunfd
080 _a347.4 W 364
100 1 0 _a Wayar, Ernesto Clemente
245 1 0 _aDerecho civil : obligaciones
260 _a Buenos Aires
_b Depalma
_c1990
300 _av.
500 _ala biblioteca posee v.1: concepto;
_anaturaleza;
_aelementos;
_aefectos;
_ateoria del incumplimiento.
650 7 _a Derecho Civil
_2LEMB
650 7 _a Obligaciones [ Derecho]
_2LEMB
942 _cLB
_2cdu
945 _aCatalis
_d2010-08-19
999 _c271
_d230775